[Event "Klubbmesterskapet 2016 (A)"]
[Site "Ås, Akershus NOR"]
[Date "2016.04.07"]
[Round "5"]
[White "Lund, Petter"]
[Black "Furnes, Torstein"]
[Result "1/2-1/2"]
[WhiteElo "1565"]
[BlackElo "1623"]
[PlyCount "39"]
[EventDate "2016.01.14"]

1. c4 e5 2. Nc3 Nf6 3. d3 Nc6 4. e3 Bb4 5. Qb3 O-O 6. Be2 d5 7. cxd5 Nxd5 8.
Bd2 Be6 9. Qc2 Qd7 10. a3 Be7 11. Nf3 a6 12. Ne4 f5 13. Nc5 Bxc5 14. Qxc5 Rad8
15. Ng5 f4 16. Nxe6 Qxe6 17. O-O Qg6 18. f3 fxe3 19. Bxe3 Nxe3 $6 ({Fritz vil
heller spille} 19... Nd4 20. Bxd4 Nf4 21. Rf2 exd4 22. Kh1 $17) 20. Qxe3
1/2-1/2

[Event "Klubbmesterskapet 2016 (A)"]
[Site "Ås, Akershus NOR"]
[Date "2016.02.25"]
[Round "5"]
[White "Ruud, Kjetil"]
[Black "Olsen, Trygve"]
[Result "1-0"]
[WhiteElo "1392"]
[BlackElo "1291"]
[PlyCount "39"]
[EventDate "2016.01.14"]

1. e4 e5 2. Nf3 Nc6 3. d4 exd4 4. Bb5 Nge7 5. O-O g6 6. Bc4 Bg7 7. Ng5 O-O 8.
f4 d5 9. exd5 Nxd5 10. Qf3 Ne3 11. Bxe3 dxe3 12. Nc3 Bd4 13. Kh1 Kg7 14. Rad1
h6 15. Nge4 f5 16. Ng3 Qe8 17. Nd5 Bb6 18. Nxb6 axb6 19. Rfe1 Ne7 20. Qxe3 1-0

[Event "Klubbmesterskapet 2016 (A)"]
[Site "Ås, Akershus NOR"]
[Date "2016.02.18"]
[Round "5"]
[White "Fuglseth, Jan"]
[Black "Lea, Per"]
[Result "1/2-1/2"]
[WhiteElo "1477"]
[BlackElo "1543"]
[PlyCount "86"]
[EventDate "2016.01.14"]

1. c4 c5 2. Nc3 Nc6 3. g3 Nf6 4. Bg2 g6 5. Nf3 Bg7 6. O-O O-O 7. d4 cxd4 8.
Nxd4 Nxd4 9. Qxd4 d6 10. Nd5 Nxd5 11. Qxd5 e6 12. Qd3 Qc7 13. Rb1 Rb8 14. Rd1
Rd8 15. Bf4 e5 16. Bg5 f6 17. Bd2 Be6 18. Bd5 Bxd5 19. Qxd5+ Qf7 20. e4 Rbc8
21. Rbc1 f5 22. f3 Rc5 23. Qd3 b6 24. b4 Rc7 25. Rc2 Qe6 26. Kg2 Kf7 27. a4 Bf6
28. Rdc1 g5 $4 29. exf5 Qd7 30. b5 d5 31. cxd5 Rxc2 32. Rxc2 Qxd5 33. Rc7+ Ke8
34. Qxd5 Rxd5 35. Be3 Rd7 36. Rxd7 Kxd7 37. f4 gxf4 38. gxf4 e4 39. Kf2 Bc3 40.
Ke2 Kd6 41. Bd2 Bd4 42. Be3 Bc3 43. Bd2 Bd4 1/2-1/2

[Event "Klubbmesterskapet 2016 (B)"]
[Site "Ås, Akershus NOR"]
[Date "2016.02.18"]
[Round "5"]
[White "Bø, Martin"]
[Black "Sandvik, Sander"]
[Result "1/2-1/2"]
[WhiteElo "1118"]
[BlackElo "1074"]
[PlyCount "132"]
[EventDate "2016.01.14"]

1. d4 f5 2. c4 Nf6 3. Nc3 e6 4. Nf3 d6 5. g3 Be7 6. Bg2 O-O 7. O-O a5 8. Re1
Ne4 9. Nd2 Nxc3 10. bxc3 e5 11. e4 f4 12. Nf3 Qe8 13. dxe5 dxe5 14. Qd5+ Kh8
15. Nxe5 fxg3 16. hxg3 c6 17. Qd3 Bc5 18. Nf3 Qh5 19. Nd4 Bh3 20. e5 Nd7 21.
Bxh3 Qxh3 22. Qc2 Rae8 23. e6 Bxd4 24. cxd4 Rxe6 25. Bb2 $4 Nf6 (25... Rh6 {0-1
}) 26. Re2 $4 Ng4 27. f4 Rxe2 28. Qxe2 Qxg3+ 29. Qg2 Qxg2+ $4 30. Kxg2 Ne3+ 31.
Kf3 Nxc4 32. Bc3 a4 33. Re1 Nd6 34. Re7 Rb8 35. d5 cxd5 36. Bxg7+ Kg8 37. Be5
Nf5 38. Rd7 Re8 39. Rxd5 Rc8 40. Rd7 h5 41. Ke4 Ng3+ 42. Kf3 h4 43. Kg4 Rc2 44.
Kxh4 Nf5+ 45. Kg5 Ne3 46. Rg7+ Kf8 47. Rxb7 Rg2+ 48. Kf6 Nd5+ 49. Ke6 Nxf4+ 50.
Bxf4 Rxa2 51. Be5 Kg8 52. Rg7+ Kf8 53. Rb7 Kg8 54. Rg7+ Kf8 55. Rc7 Kg8 56. Kf5
Rf2+ 57. Kg5 Rf7 58. Rc8+ Rf8 59. Rc6 Rf7 60. Rg6+ Kf8 61. Bd6+ Ke8 62. Bc5 Kd7
63. Ra6 Kc7 64. Ra7+ Kc6 65. Rxf7 Kxc5 66. Rf4 $4 (66. Ra7 Kb5 67. Kf4 Kb4 68.
Ke3 Kb3 69. Kd2 Kb4 70. Kc2 Kb5 71. Kc3) (66. Kf4 Kb4 67. Ke3 Kb5 68. Kd3 Kb4
69. Kc2 a3 70. Rb7+ Ka4 71. Kc3 Ka5 72. Kb3 Ka6 73. Rb4 Ka5 74. Kxa3) 66... Kb5
1/2-1/2

[Event "Klubbmesterskapet 2016 (B)"]
[Site "Ås, Akershus NOR"]
[Date "2016.02.18"]
[Round "5"]
[White "Bakken, Svein-Erik"]
[Black "Aalmo, Alexander"]
[Result "1-0"]
[WhiteElo "1346"]
[BlackElo "1209"]
[PlyCount "119"]
[EventDate "2016.01.14"]

1. d4 c5 2. dxc5 Qa5+ 3. Nd2 Qxc5 4. Ngf3 Nf6 5. e3 d5 6. Be2 b6 7. O-O Bb7 8.
Nb3 Qc7 9. Nbd4 e6 10. Nb5 Qd8 11. c4 Be7 12. a3 a6 13. Nbd4 Nbd7 14. cxd5 Nxd5
15. b4 Nc3 16. Qd2 Nxe2+ 17. Qxe2 a5 18. b5 Bf6 19. Bb2 Rc8 20. Rfc1 Nc5 21.
Rd1 Qe7 22. a4 O-O 23. Ba3 e5 24. Nb3 Bxf3 25. gxf3 e4 26. Rac1 exf3 27. Qxf3
Bb2 28. Bxc5 bxc5 29. Rc2 Ba3 30. Nxa5 Ra8 31. Nc6 Qg5+ 32. Kh1 Rxa4 33. Rd5
Qf6 34. Qxf6 gxf6 35. Ra2 c4 36. Rd4 Rfa8 37. Rc2 Bc5 38. Rdxc4 Ra1+ 39. Kg2
Bb6 40. Ne7+ Kf8 41. Nd5 Bd8 42. Rc8 Rxc8 43. Rxc8 Ke8 44. Nxf6+ Ke7 45. Nxh7
Kd7 46. Rc5 Be7 47. Rf5 Ke6 48. e4 Ra4 49. f3 Rb4 50. Ng5+ Bxg5 51. Rxg5 Rb2+
52. Kg3 Rb1 53. Kf4 f6 54. Rf5 Rb2 55. h4 Rh2 56. h5 Rg2 57. Rc5 Kd6 58. Rc6+
Ke7 59. b6 Rb2 60. h6 1-0

[Event "Klubbmesterskapet 2016 (B)"]
[Site "Ås, Akershus NOR"]
[Date "2016.02.18"]
[Round "5"]
[White "Thowsen, Alf Geir"]
[Black "Rønbeck, Bjørn"]
[Result "1-0"]
[WhiteElo "1175"]
[BlackElo "1115"]
[PlyCount "69"]
[EventDate "2016.01.14"]

1. d4 d5 2. c4 e6 3. Nc3 Bb4 4. Bd2 Nc6 5. Nf3 Nge7 6. e3 O-O 7. a3 Bxc3 8.
Bxc3 Ng6 9. Bd3 Nce7 10. O-O b6 11. Qc2 dxc4 12. Bxc4 Bb7 13. e4 Nc8 14. Bd3
Nf4 15. Rac1 a5 16. Bd2 Nxd3 17. Qxd3 Nd6 18. Rfe1 f5 19. exf5 Bxf3 20. Qxf3
Nxf5 21. Qc6 Nxd4 22. Qxc7 Qf6 23. Qg3 Nf5 24. Bc3 Qf7 25. Qf4 Rac8 26. Be5
Rxc1 27. Rxc1 Qd7 28. h3 Rf7 29. Rc7 Qd1+ 30. Kh2 Ne7 31. Qd4 Qxd4 32. Bxd4 Kf8
33. Bxb6 Rf5 34. Bc5 Rf7 35. Rc8# 1-0

[Event "Klubbmesterskapet 2016 (B)"]
[Site "Ås, Akershus NOR"]
[Date "2016.02.18"]
[Round "5"]
[White "Garmark, Vegard"]
[Black "Simonsen, Steinar"]
[Result "0-1"]
[WhiteElo "1202"]
[BlackElo "1240"]
[PlyCount "84"]
[EventDate "2016.01.14"]

1. d4 f5 2. c4 Nf6 3. Nc3 e6 4. Nf3 Be7 5. Qc2 b6 6. e4 Bb7 7. exf5 Bxf3 8.
gxf3 Nc6 9. Be3 Nb4 10. Qd2 exf5 11. a3 Nc6 12. Rg1 Rg8 13. O-O-O Na5 14. Qc2
g6 15. Bd3 Rf8 16. Rge1 d5 17. cxd5 Nxd5 18. Nxd5 Qxd5 19. b4 Nc6 20. Bg5 Kd7
21. Bxe7 Nxe7 22. Re5 Qxf3 23. Bb5+ c6 24. Rde1 Rfe8 25. R1e3 Qh1+ 26. Re1 Qf3
27. Be2 Qxa3+ 28. Qb2 Qxb2+ 29. Kxb2 Nd5 30. b5 Rxe5 31. bxc6+ Kxc6 32. dxe5
Re8 33. Bf3 Kc5 34. Kb3 Nf4 35. Rc1+ Kd4 36. Bc6 Rxe5 37. Rc4+ Kd3 38. Rxf4 Rc5
39. Be8 a6 40. Rh4 Rc3+ 41. Kb4 Rc2 42. Rxh7 g5 {i følge notasjonsskjemaet
fortsatte partiet 43.Ke3 Kd4 44.Ld7 Te4+ 45.Kb3 Te3+ 46.Kb4 g4 47.Txf3 Lxf5 48.
Txf5 Tf5 49.Txg4+ Ke3 50.h4 Tf4+ 51.Txf4 Kxf4 Oppgitt Kan noen av spillerne
rekonstruere slutten?} 0-1

[Event "Klubbmesterskapet 2016 (A)"]
[Site "Ås, Akershus NOR"]
[Date "2016.03.31"]
[Round "6"]
[White "Lea, Per"]
[Black "Furnes, Torstein"]
[Result "1/2-1/2"]
[WhiteElo "1543"]
[BlackElo "1623"]
[Annotator "Lea, Per & Torstein Furnes (TF)"]
[PlyCount "70"]
[EventDate "2016.01.14"]

1. e4 c5 2. Nf3 Nc6 3. d4 cxd4 4. Nxd4 e5 5. Nb5 d6 6. N1c3 a6 7. Na3 b5 8. Nd5
Nf6 9. Bg5 Be7 10. Bxf6 Bxf6 11. c3 O-O ({Forrige møte fortsatte} 11... Ne7 12.
Nxf6+ gxf6 {men nå gikk Torstein tilbake til favorittvarianten. Ingen av oss
skjønte hvorfor ikke Anish Giri slo på f6 mot Magnus Carlsen i Sinquefield Cup
2015 i denne stillingen. Svarts konge må vel være dømt til et liv i sentrum?
Men, de store gutta har nok skjønt noe vi vanlige dødelige ikke har.}) 12. Nc2
Bg5 13. a4 bxa4 14. Rxa4 a5 15. Bc4 Kh8 ({Tidsforbruk: hvit: minus 3 minutter,
svart: 0 minutter! Ingen har brukt mer enn 30-sekundersbonusen per trekk.
Tidligere har Torstein ofte lagt inn} 15... Rb8 16. Ra2 {her. Men kongen må
uansett vekk fra diagonalen a2-g8: standardplanen er å få spilt f7-f5.}) 16.
O-O f5 17. exf5 Bxf5 18. Nce3 Bd7 19. Bb5 $2 Rb8 20. c4 $2 {Hvit har gitt fra
seg den lille fordelen han hadde ut i fra åpningen. Men nå blir det hele litt
klossete, som svart NESTEN greier å unytte.} Nd4 $1 {Enkelt og sterkt. Jeg
hadde bare sett for meg springertrekk til a7 eller e7. Men gullfeltet på d4 er
selvfølgelig det rette stedet.} 21. Bxd7 Qxd7 22. b4 $2 axb4 $2 ({Begge hadde
oversett:} 22... Bxe3 $1 23. Rxa5 (23. fxe3 $4 Qxa4 $3 24. Qxa4 Ne2+ 25. Kh1
Rxf1#) ({(TF): "Jeg så på muligheten 22.-Lxe3! og at hvit ikke kunne slå
tilbake med f-bonden, men etter} 23. Nxe3 {tenkte jeg at det bare ville blitt
et litt ufordelaktig avbytte av løper mot springer. Jeg overså at b-bonden
mister beskyttelse fra springeren, og at jeg dermed kan vinne bonden på b4."})
23... Bf4 $19) 23. Rxb4 Rxb4 24. Nxb4 Qe6 25. Nbc2 {Hvit burde nok ha plantet
en springer på d5} Bxe3 26. Nxe3 Qg6 27. f3 (27. Nd5 Nf3+ 28. Kh1 Nd4 29. f4
$11) 27... h5 28. Kh1 Rb8 29. Qc1 Rb3 30. Re1 {Nok en gang hadde det vært
bedre å plante en springer på d5. Det er mulig hvit tenker for passivt her.}
Qd3 31. h3 Ne2 32. Qd1 Qxd1 33. Nxd1 Rb1 {Dette nærmest framtvinger remis.} (
33... Nf4 {hadde vært et forsøk på å realisere den posisjonelle fordelen, men
gjensidig tidsnød gjorde nok at også svart valgte det sikre framfor det usikre.
}) 34. Rxe2 Rxd1+ 35. Kh2 Rd4 1/2-1/2

[Event "Klubbmesterskapet 2016 (A)"]
[Site "Ås, Akershus NOR"]
[Date "2016.01.28"]
[Round "6"]
[White "Olsen, Trygve"]
[Black "Lund, Petter"]
[Result "0-1"]
[WhiteElo "1291"]
[BlackElo "1565"]
[PlyCount "84"]
[EventDate "2016.01.14"]

1. f4 Nf6 2. Nf3 c5 3. c3 b6 4. e3 e6 5. Be2 Bb7 6. O-O Be7 7. d4 d5 8. Ne5 O-O
9. Nd2 Nc6 10. Ndf3 Qc7 11. Nxc6 Bxc6 12. Ne5 Bb7 13. Rf3 Ne4 14. Rh3 f6 15.
Ng4 Bd6 16. Bd3 e5 17. Bxe4 dxe4 18. f5 exd4 19. cxd4 cxd4 20. exd4 Bf4 21. Ne3
Qf7 22. b3 Rfd8 23. Qg4 Bg5 24. Bb2 Rac8 25. Rg3 h5 26. Qe2 h4 27. Rh3 Rc7 28.
Rd1 Rdc8 29. Nc4 Bd5 30. Nd6 Rc2 31. Qa6 Qd7 32. Nxc8 Rxb2 33. Qa3 Rc2 34. Ne7+
Kh7 35. Rf1 e3 36. Nxd5 Qxd5 37. Rhf3 e2 38. Re1 Qxd4+ 39. Kh1 Qd1 40. Qb4 Rd2
41. h3 Qxe1+ 42. Kh2 Qg3+ 0-1

[Event "Klubbmesterskapet 2016 (A)"]
[Site "Ås, Akershus NOR"]
[Date "2016.03.03"]
[Round "6"]
[White "Andersen, Odd"]
[Black "Ruud, Kjetil"]
[Result "0-1"]
[WhiteElo "1611"]
[BlackElo "1392"]
[PlyCount "68"]
[EventDate "2016.01.14"]

1. d4 Nc6 2. c4 e5 3. e3 Bb4+ 4. Bd2 Bxd2+ 5. Qxd2 Nf6 6. Nc3 d6 7. g3 Bf5 8.
Bg2 Qd7 9. d5 Ne7 10. e4 Bg6 11. Nge2 Nh5 12. O-O f5 13. f4 Nf6 14. exf5 Bxf5
15. fxe5 dxe5 16. Rae1 Qd6 17. b3 Qc5+ 18. Kh1 Ng4 19. Ng1 O-O-O 20. Na4 Qd6
21. Nh3 h5 22. Ng5 Qg6 23. h3 h4 24. hxg4 hxg3+ 25. Bh3 Bxg4 26. Kg2 Qh5 27.
Rh1 Nf5 28. Bxg4 Qxg4 29. Rxh8 Rxh8 30. Rh1 Nh4+ 31. Kg1 e4 32. Qc1 Nf3+ 33.
Kg2 Rxh1 34. Kxh1 g2# 0-1

[Event "Klubbmesterskapet 2016 (A)"]
[Site "Ås, Akershus NOR"]
[Date "2016.03.03"]
[Round "6"]
[White "Johnson, David"]
[Black "Kielland-Lund, Jon"]
[Result "1-0"]
[WhiteElo "1431"]
[BlackElo "1550"]
[PlyCount "50"]
[EventDate "2016.01.14"]

1. e4 c6 2. d4 d5 3. e5 c5 4. Nf3 Nc6 5. c3 Bg4 6. Be2 e6 7. O-O Qb6 8. dxc5
Bxc5 9. Nbd2 Nh6 10. h3 Bxf3 11. Nxf3 Nf5 12. b4 Be7 13. Kh1 O-O 14. Bd3 Nh4
15. Nxh4 Bxh4 16. Qh5 g6 17. Qxh4 Nxe5 18. Bh6 f6 19. Bxf8 Rxf8 20. Bc2 Kg7 21.
Rae1 Rc8 22. Qg3 Qc6 23. f4 Qxc3 24. Qxc3 Rxc3 25. fxe5 Rxc2 1-0

[Event "Klubbmesterskapet 2016 (B)"]
[Site "Ås, Akershus NOR"]
[Date "2016.03.11"]
[Round "6"]
[White "Sandvik, Sander"]
[Black "Bakken, Svein-Erik"]
[Result "0-1"]
[WhiteElo "1074"]
[BlackElo "1346"]
[Annotator "Sandvik, Sander"]
[PlyCount "70"]
[EventDate "2016.01.14"]

1. e4 c5 2. Nc3 Nc6 3. Bb5 e6 (3... g6 4. Bxc6 bxc6 5. f4 Bg7 6. d3) 4. Bxc6
bxc6 5. Nf3 {Vurderte å gå inn i en aggressiv variant:} (5. f4 {Likte ikke:}
Qh4+ 6. g3) 5... d5 6. d3 Qc7 (6... Nf6 7. O-O h6) 7. O-O Nf6 8. Re1 Be7 9. Bg5
d4 10. Ne2 (10. Na4 {Ville heller flytte springeren mot kongefløyen, på tross
av at Sa4 er et vanlig trekk i slike stillinger.} O-O 11. c3 e5 12. Qc2) 10...
O-O 11. c3 (11. e5 Nd5 12. Bxe7 Nxe7) 11... dxc3 12. bxc3 Rd8 13. Qc2 (13. e5
Nd5 14. c4 Nb4 15. Bxe7 Qxe7) 13... Nh5 14. Bxe7 Qxe7 15. e5 g6 16. g4 (16. c4
{En mulighet til å låse hvitfeltsløperen inne.}) 16... Ng7 17. Ng3 {Begynner å
lukte på f6 - feltet.} f6 {Her var jeg bekymret for at sort skulle spille:} (
17... c4 18. dxc4 c5 19. Rab1 Bb7) 18. d4 $4 (18. exf6 Qxf6 19. Ne5 Rf8) 18...
fxe5 $2 (18... f5 19. h3 Bb7 20. gxf5 exf5 {Og posisjonen har endret karakter.}
) 19. dxe5 Rf8 20. Re3 Qc7 21. Ne4 Rxf3 $4 22. Rxf3 Qxe5 23. Nf6+ Kh8 24. Nxh7
{Mange andre bedre trekk i posisjonen, men dette får jobben gjort. Spilte vel
allerede her på de 30 sekundene, om jeg ikke husker helt feil.} Kxh7 25. Rh3+
Kg8 26. Qxg6 Bb7 27. Qh7+ {Sorts tårn og løper er ikke de nyttigste brikkene
på brettet.} Kf7 28. Rf3+ Ke7 29. Qh4+ Ke8 30. Qh8+ Ke7 31. Qh4+ {Så en
mulighet til å vinne litt tid.} Ke8 32. Rf6 (32. Rb1 Ba6 33. Qh8+ Ke7 34. Qxa8
Ne8 35. Qxa7+ Qc7 36. Qxa6 {Dette ender heller ikke spesielt godt for sort.})
32... Qxc3 {$4 Dette har ikke sort tid til.} 33. Qh8+ Ke7 34. Qxg7+ Kd6 35.
Rd1+ Ke5 {Og hvit taper på tid. Partiet ville fortsatt:} (35... Ke5 36. Qg5+
Ke4 37. Qf4#) 0-1

[Event "Klubbmesterskapet 2016 (B)"]
[Site "Ås, Akershus NOR"]
[Date "2016.03.17"]
[Round "6"]
[White "Aalmo, Alexander"]
[Black "Thowsen, Alf Geir"]
[Result "1-0"]
[WhiteElo "1209"]
[BlackElo "1175"]
[PlyCount "77"]
[EventDate "2016.01.14"]

1. d4 d5 2. Nf3 Nf6 3. Bg5 Nbd7 4. e3 Ne4 5. Bh4 Ndf6 6. c4 c6 7. Qc2 Qa5+ 8.
Nc3 Nxc3 9. bxc3 Ne4 10. Rc1 Bf5 11. Bd3 e6 12. Bxe4 Bxe4 13. Qb3 b6 14. a4 Bd6
15. Nd2 Bd3 16. f3 O-O 17. e4 Rfe8 18. Kf2 Qa6 19. cxd5 exd5 20. e5 Be7 21.
Bxe7 Rxe7 22. c4 dxc4 23. Nxc4 Bf5 24. Nd6 Be6 25. Qc2 Bd5 26. Nf5 Ree8 27. Ne3
Rac8 28. Rhe1 g6 29. Nc4 Bxc4 30. Qxc4 Qxc4 31. Rxc4 Kg7 32. Rec1 Re6 33. f4 c5
34. d5 Re7 35. Ke3 Rd8 36. Rd1 g5 37. g3 Kg6 38. Ke4 Re6 39. f5+ 1-0

[Event "Klubbmesterskapet 2016 (B)"]
[Site "Ås, Akershus NOR"]
[Date "2016.03.06"]
[Round "6"]
[White "Simonsen, Steinar"]
[Black "Rønbeck, Bjørn"]
[Result "1-0"]
[WhiteElo "1240"]
[BlackElo "1115"]
[PlyCount "60"]
[EventDate "2016.01.14"]

1. c4 e6 2. Nf3 d5 3. e3 c5 4. Nc3 Nc6 5. cxd5 exd5 6. d4 Nf6 7. Be2 Be7 8. O-O
O-O 9. h3 a6 10. Qc2 c4 11. a3 Na5 12. Bd2 Nb3 13. Rad1 Bd6 14. g4 Bc7 15. e4
Nxe4 16. Nxe4 dxe4 17. Bg5 f6 18. Qxc4+ Kh8 19. Ne5 Qd6 20. Qxb3 fxe5 21. d5
Qg6 22. Be3 Bd8 23. d6 b5 24. Qd5 Bxg4 25. hxg4 Bh4 26. Qxe5 h5 27. Qxh5+ Qxh5
28. gxh5 Rf5 29. Bg4 Re5 30. d7 g6 1-0

[Event "Klubbmesterskapet 2016 (A)"]
[Site "Ås, Akershus NOR"]
[Date "2016.03.17"]
[Round "7"]
[White "Kielland-Lund, Jon"]
[Black "Fuglseth, Jan"]
[Result "0-1"]
[WhiteElo "1550"]
[BlackElo "1477"]
[Annotator "Jan Fuglseth"]
[PlyCount "94"]
[EventDate "2016.01.14"]

1. c4 Nf6 2. Nc3 e6 3. e4 d5 4. e5 Nfd7 5. d4 dxc4 6. Bxc4 Nb6 7. Bb3 c5 8.
dxc5 Qxd1+ 9. Bxd1 Bxc5 10. Nf3 Bd7 11. O-O O-O 12. Ne4 Be7 13. Be3 Nc4 14. Bd4
Bc6 15. Ned2 Bd5 16. Nxc4 Bxc4 17. Re1 Nc6 18. Bc3 Rfd8 19. Be2 Bd5 20. a3 Bc5
{Sorts plan var å spille sin sorte løper til c5 for å frigjøre e7 for en
springerforflyttning til g6 og f4. Dessuten kan løperen benyttes til å true e5
fra c7 ved behov. Hvits trekk påskynder planen.} 21. b4 Bb6 22. Rad1 Rac8 $11 {
Fritz sier at stillingen er lik, men sorts løperpar står nok farligere enn
hvits og dessuten har sort tårnene sine i de to åpne linjene.} 23. Rd2 Ne7 24.
Bb2 Ng6 25. Bb5 $4 h5 $4 (25... Bxf3 26. Rxd8+ Rxd8 27. gxf3 Rd2 28. Rb1 Rxf2
29. Kh1) 26. h3 $2 Nf4 27. Bf1 $2 (27. Red1) 27... Nxh3+ $6 (27... Bxf3 28.
Rxd8+ Rxd8 29. gxf3 Rd2) 28. gxh3 Bxf3 29. Rxd8+ Rxd8 30. Bc3 Rc8 31. Rc1 Bd4
32. Bb2 Rxc1 33. Bxc1 Bxe5 34. Bg2 Bxg2 35. Kxg2 f5 36. f4 Bf6 37. a4 a6 38. b5
Kf7 39. Ba3 g5 40. Kf3 Kg6 41. fxg5 Bxg5 {To sammenhengende fribønder skal
klare å marsjere inn så lenge de to løperne er likefarget.} 42. Bd6 Kf6 43. Bc7
Bd2 44. Bd8+ Kg6 45. Ke2 Bc1 46. Kf3 e5 47. Be7 e4+ 0-1

[Event "Klubbmesterskapet 2016 (A)"]
[Site "Ås, Akershus NOR"]
[Date "2016.03.10"]
[Round "7"]
[White "Ruud, Kjetil"]
[Black "Johnson, David"]
[Result "1-0"]
[WhiteElo "1392"]
[BlackElo "1431"]
[PlyCount "35"]
[EventDate "2016.01.14"]

1. e4 e5 2. Nc3 Bc5 3. Bc4 Nf6 4. f4 Nc6 5. Nf3 O-O 6. fxe5 Ng4 7. d4 Bb6 8. h3
Nh6 9. Bxh6 gxh6 10. Qd2 Na5 11. Qxh6 Nxc4 12. Ng5 Qxg5 13. Qxg5+ Kh8 14. Qf6+
Kg8 15. Nd5 Re8 16. O-O-O c6 17. Rhf1 Re6 18. Qxf7+ 1-0

[Event "Klubbmesterskapet 2016 (A)"]
[Site "Ås, Akershus NOR"]
[Date "2016.03.17"]
[Round "7"]
[White "Furnes, Torstein"]
[Black "Olsen, Trygve"]
[Result "1-0"]
[WhiteElo "1623"]
[BlackElo "1291"]
[Annotator "Furnes, Torstein"]
[PlyCount "101"]
[EventDate "2016.01.14"]

1. d4 d5 2. c4 c6 3. cxd5 cxd5 4. Bf4 Nc6 5. Nc3 Nf6 6. e3 a6 7. Nf3 e6 8. Rc1
Bb4 9. a3 Bxc3+ 10. Rxc3 O-O 11. Bd3 Ne4 12. Bxe4 dxe4 13. Ng5 e5 14. dxe5
Qxd1+ 15. Kxd1 Bg4+ 16. Kc2 Bf5 17. Rc4 Na5 18. Rd4 Rac8+ 19. Kb1 Nb3 20. Rb4
$2 $19 {Et dårlig felt for tårnet. Td6 var bedre. Fritz-evalueringen vipper
over på svart fordel.} Nd2+ 21. Ka1 h6 22. Nh3 b5 23. Bg3 Bxh3 $6 $15 (23... g5
$19) 24. gxh3 Rfd8 25. Ka2 Nc4 26. Rc1 Rd2 27. a4 Ra8 28. Kb1 Rd5 29. b3 Nxe5
30. Rxe4 Nd3 31. Rc7 Rf5 32. f4 bxa4 33. bxa4 Rb8+ 34. Kc2 Nb4+ 35. Kd2 Nd5 $16
36. Ra7 Rb6 37. Re8+ Kh7 38. e4 Rh5 $2 $18 ({Svart kan unngå å tape offiser med
} 38... Nf6 $16) 39. exd5 Rxd5+ 40. Ke3 Ra5 41. Ree7 Re6+ 42. Rxe6 fxe6 43. Be1
Rxa4 44. Bc3 Kg6 45. Rxg7+ Kh5 46. Re7 Kh4 47. Rxe6 h5 48. Re5 (48. Be1+ Kxh3
49. f5 Rg4 50. Re4 Rg5 51. Kf4 Rg4+ 52. Kf3 {blir matt i få trekk.}) 48... Kxh3
49. Rxh5+ Kg4 50. Rc5 ({Hvit får mattangrep etter} 50. Rg5+ Kh4 51. Ra5 Rc4 52.
Be1+ Kh3 53. Kf3 Kxh2 54. Rh5+ Kg1 55. Bf2+ Kf1 56. Rh1#) 50... Rxf4 $2 (50...
Kh3 51. Kf3 Kxh2 52. Bd2 Ra3+ 53. Be3 Rxe3+ 54. Kxe3) 51. h3+ {Svart mister
tårnet.} 1-0

[Event "Klubbmesterskapet 2016 (A)"]
[Site "Ås, Akershus NOR"]
[Date "2016.04.21"]
[Round "7"]
[White "Lund, Petter"]
[Black "Andersen, Odd"]
[Result "1-0"]
[WhiteElo "1563"]
[BlackElo "1631"]
[Annotator "Furnes, Torstein"]
[PlyCount "101"]
[EventDate "2016.01.14"]

1. e4 d5 2. exd5 Qxd5 3. Nc3 Qd8 4. Bc4 c6 5. b4 Bf5 6. Nge2 e6 7. a3 Nf6 8.
Bb2 Bd6 9. Ng3 Bg6 10. d3 Nbd7 11. Nce4 Be7 12. O-O Qc7 13. Qe2 O-O 14. f4 Rfe8
15. Rf2 Rad8 16. Re1 a5 17. b5 h6 18. f5 Nxe4 $2 $18 (18... exf5 19. Nxf5 Bc5
$17) 19. fxg6 Nxg3 20. gxf7+ Kh7 21. hxg3 Rf8 22. Qe4+ Kh8 23. Qg6 e5 24. bxc6
(24. Re4) 24... bxc6 (24... Qxc6) 25. Rf5 $2 $15 (25. Re4 $18) 25... Qb6+ 26.
Kh2 Qxb2 27. Rh5 Bg5 $2 $18 (27... Nf6 $17) 28. Rxg5 ({Raskeste vei til matt er
} 28. Qxg5 Nf6 (28... Kh7 29. Be6 Rxf7 30. Bxf7 Nf6 31. Qg6+ Kh8 32. Rxh6+ gxh6
33. Qxf6+ Kh7 34. Qg6+ Kh8 35. Qxh6#) 29. Rxh6+ gxh6 (29... Nh7 30. Rxh7+ Kxh7
31. Qh5#) 30. Qxf6+ Kh7 31. Be6 Rxf7 32. Qxf7+ Kh8 33. Qf6+ Kh7 34. Qe7+ Kh8 (
34... Kg6 35. Qf7+ Kg5 36. Qf5#) 35. Qxd8+ Kg7 36. Qg8+ Kf6 37. Qf7+ Kg5 38.
Qf5#) 28... e4 29. Rh5 (29. Rf1 {(som hindrer svarts dronning i å komme til f6)
er førstevalget til Fritz og gir mattangrep. F.eks} Qd4 30. dxe4 Rc8 31. e5 {
osv}) 29... Qf6 30. Qxe4 Rxf7 31. Bxf7 Qxf7 32. Rxa5 Nf6 33. Qe6 Qg6 34. Qf5
Qf7 35. Qf3 Qc7 36. Ra6 Qd7 37. Kh1 Rc8 38. Qe3 Re8 39. Qf2 Rxe1+ 40. Qxe1 Qg4
41. Rxc6 Qh5+ 42. Kg1 Qg4 43. Rc4 Qd7 44. Qe2 Qa7+ 45. Kh2 h5 46. a4 Ng4+ 47.
Rxg4 hxg4 48. Qxg4 Kg8 49. Qc4+ Kf8 50. d4 Qb6 51. Qc5+ 1-0

[Event "Klubbmesterskapet 2016 (B)"]
[Site "Ås, Akershus NOR"]
[Date "2016.03.10"]
[Round "7"]
[White "Bø, Martin"]
[Black "Stensland, Martin"]
[Result "1-0"]
[WhiteElo "1118"]
[BlackElo "1146"]
[PlyCount "51"]
[EventDate "2016.01.14"]

1. d4 d5 2. c4 Nf6 3. cxd5 Nxd5 4. e4 Nb6 5. Nc3 e6 6. Nf3 Be7 7. Bd3 O-O 8.
Be3 a6 9. Rc1 h6 10. Qd2 f5 11. exf5 exf5 12. a4 Bb4 13. O-O f4 14. Bxf4 Rf6
15. Rfe1 Bg4 16. Ne5 Bh5 17. Qe3 Bxc3 18. bxc3 Kh8 19. Qe4 Qg8 20. a5 g6 21.
axb6 Nc6 22. bxc7 Rb8 23. Nxc6 bxc6 24. Be5 Qf7 25. Bxf6+ Qxf6 26. Qe5 1-0

[Event "Klubbmesterskapet 2016 (B)"]
[Site "Ås, Akershus NOR"]
[Date "2016.03.10"]
[Round "7"]
[White "Thowsen, Alf Geir"]
[Black "Bakken, Svein-Erik"]
[Result "0-1"]
[WhiteElo "1175"]
[BlackElo "1346"]
[PlyCount "88"]
[EventDate "2016.01.14"]

1. Nf3 d5 2. d4 c5 3. c3 Nc6 4. e3 Bg4 5. Nbd2 e6 6. Bb5 Qb6 7. Ba4 cxd4 8.
cxd4 Nf6 9. a3 Be7 10. Qc2 O-O 11. Bxc6 bxc6 12. O-O Rac8 13. b4 a5 14. bxa5
Qxa5 15. Nb3 Qa4 16. Ra2 Bf5 17. Qb2 Rb8 18. Nfd2 Ne4 19. Qa1 Rxb3 20. Nxb3
Qxb3 21. Qb2 Qxb2 22. Bxb2 Nd2 23. Rd1 Nc4 24. a4 Bc2 25. Rc1 Bb3 26. Rxc4 Bxc4
27. Ra1 Ra8 28. Bc3 c5 29. a5 Bf6 30. Rb1 h6 31. g3 cxd4 32. exd4 Rc8 33. Rc1
Ba6 34. Bd2 Rxc1+ 35. Bxc1 Bxd4 36. Bd2 e5 37. Kg2 f5 38. Kf3 g5 39. h4 gxh4
40. gxh4 h5 41. Be3 Bc3 42. Bb6 Kf7 43. Bc7 Ke6 44. Kg3 d4 0-1